| 000 | 00513nam a2200181Ia 4500 | ||
|---|---|---|---|
| 008 | 240925s9999 xx 000 0 und d | ||
| 020 | _a893036609 | ||
| 082 | _a005.133 AND | ||
| 100 | _aAnderson, Anita; Tracy, Martin; MicroMotion | ||
| 245 | 0 | _aMastering Forth | |
| 250 | _aNA | ||
| 260 |
_aNew York: _bBrady Communication Co _c,1984. |
||
| 300 |
_axx,185p. _bNA _fOriginal |
||
| 500 | _aIncludes Index | ||
| 600 | _aComputer Science | ||
| 650 | _aComputer science, information & general works | ||
| 942 | _cBK | ||
| 999 |
_c3184 _d3184 |
||